000 00362 a2200109 4500
001 ART_39502
005 20260410161821.0
008 260409a
245 1 0 _aGarantías judiciales en el derecho administrativo sancionador
100 1 _aRobiglio, Carolina L.
773 0 _tDoctrina Penal Tributaria y Económica
_g- Nº 40 (jun. 2016)
_wREV4317
999 _c22369
_d22369